004660000a2200133000450024501530000065000130015365000200016665000260018665100280021204100130024070000220025310000210027577300360029610aEffects of sampling on paleoecologic and taphonomic analysis in high-diversity fossil accumulations: an example from the Eocene Gospot Sand, Alabama14aMoluscos14aPaleoecología14aMétodos de muestreo 4dAlabamapEstados Unidos0 aInglés1 aAllmon, Warren D.1 aCobabe, Emily A.1 tLethaia3686h27q167-178d1994